000 00703nam a2200241Ia 4500
005 20260121112520.0
008 6622 260114s9999 xx 000 0 eng d
020 _a9789814289535
037 _aEBOOK
040 _aCRL
_beng
_cCRL
041 _aeng
_2eng
084 _qCRL
100 _aPapamichael Nicolas & Stylianopoulos Nikos
_9958867
245 0 _aNumerical Conformal Mapping: Domain Decomposition and the Mapping of Quadrilaterals
260 _bWorld Scientific
260 _bWSPC
260 _c2010
650 _aMathematics
_9958868
856 _uhttps://www.worldscientific.com/worldscibooks/10.1142/7511#t=toc
942 _cEBOOK
999 _c1543922
_d1543922